000 00577nam a2200193 a 4500
005 20240911064142.0
008 991125s1978 mx 000 0 spa u
020 _a9682302986
035 _aUPN01000039961
049 _aCG
050 4 _aHB501
_bP4.4
100 1 _aPeña, Sergio de la,
_d1931-1998
_928606
245 1 3 _aEl modo de producción capitalista :
_bteoría y método de investigación /
_cpor Sergio de la Peña
260 _aMéxico :
_bSiglo XXI,
_c1978.
300 _a246 p.
440 0 _aSociología y política
650 4 _aCapitalismo
_96436
905 _aLibro
999 _c39961
_d39961